|
|
|
|
| LEADER |
01135nab#a2200301#ar4500 |
| 001 |
000073579 |
| 003 |
SVKKK |
| 005 |
19971002xxxxxxx. |
| 008 |
06 c xo huno |
| FMT |
|
|
|
| 038 |
|
|
|a SVKKK
|
| 040 |
|
|
|a SVKKK
|b slo
|e AACR2
|
| 041 |
0 |
|
|a hun
|
| 044 |
|
|
|a xo
|c SK
|
| 080 |
|
|
|a 061.2:373.5/.6
|
| 242 |
1 |
0 |
|a Gemersko novohradský profesorský kruh
|
| 245 |
0 |
0 |
|a Gömör Nógrádi Tanári kör
|
| 520 |
2 |
|
|a Profesori Štátneho hlavného gymnázia v Lučenci navrhli vytvorenie Gemersko-novohradského profesorského kruhu. Vyzvali profesorov Gemersko-malohontskej župy na zapojenie sa do hnutia.
|
| 650 |
0 |
4 |
|a Gemersko-novohradský profesorský kruh - založenie plánované - zbor profesorský - Štátne hlavné gymnázium, Lučenec (SS) - pôsobenie - navrhovatelia - školstvo stredné - Gemersko-malohontská župa - prerokovanie pripravované - správa
|
| 773 |
0 |
|
|t Sajó-Vidék : Vegyestartalmú hetilap
|g Roč. 15, č. 43 (24.10.1912) s. 3
|
| 957 |
|
|
|a Lučenec
|
| 957 |
|
|
|a Rožňava
|
| 958 |
|
|
|a DG
|
| 958 |
|
|
|a SK
|
| 974 |
|
|
|a ebl
|d 19971002
|
| 992 |
|
|
|a RBX
|
| BAS |
|
|
|
| 998 |
|
|
|a RETRO
|